000
00520nam a2200181Ia 4500
008
100917s9999 xx 000 0 und d
082
_b
1784
100
_a
गांधी महात्मा
245
_a
संयम की स्वैराचार
260
_b
---
300
_a
130
365
_b
0
520
_a
निबंध
630
_a
संयम की स्वैराचार
650
_a
निबंध
730
_a
संयम की स्वैराचार
942
_c
BOOK
999
_c
607178
_d
607175